Biblioteca

Voices of youth : (Registro nro. 55429)

Detalles MARC
000 -LÍDER
Campo fijo de descripción fija 01162aab a2200241 i 4500
001 - NÚMERO DE CONTROL
Campo de control 768714001
003 - IDENTIFICADOR DEL NÚMERO DE CONTROL
Campo de control CO-MdFUSB
005 - FECHA Y HORA DE LA ULTIMA TRANSACCIÓN
control field 20240705112816.0
008 - ELEMENTOS DE LONGITUD FIJA -- INFORMACIÓN GENERAL
Campo fijo de descripción fija -- Información general 240705t1996 sz ||||| |||| 00| 0 eng d
040 ## - FUENTE DE CATALOGACIÓN
Idioma de catalogación spa
Agencia que realiza la transcripción CO-MdFUSB
041 ## - CÓDIGO DE IDIOMA
Código de idioma para texto/pista de sonido o título separado eng
100 1# - ASIENTO PRINCIPAL--NOMBRE PERSONAL
Nombre personal Biswas, Kajori
Término relacionador autor
245 10 - TÍTULO
Título Voices of youth :
Subtitulo India
Mención de responsabilidad / Kajori Biswas
520 ## - NOTA DE RESUMEN, ETC.
Nota de sumario, etc. A través de dos historias de la India, el autor describe la injusticia, la pobreza, las creencias y la exclusión social que experimentan muchos niños y jóvenes en una sociedad basada en castas.<br/>Tal es la situación en la India, donde a los niños se les niega la infancia y donde las niñas pierden sus sueños en las cadenas de las estructuras sociales, quienes son explotados laboral y sexualmente.<br/>
546 ## - NOTA DE IDIOMA
Nota de idioma Texto en inglés.
650 #0 - ASIENTO SECUNDARIO DE MATERIA - TERMINO TEMÁTICO
Término temático o nombre geográfico como elemento de entrada Iglesia y problemas sociales
9 (RLIN) 1177
650 #7 - ASIENTO SECUNDARIO DE MATERIA - TERMINO TEMÁTICO
Término temático o nombre geográfico como elemento de entrada Antropología cultural y social
9 (RLIN) 6714
650 #7 - ASIENTO SECUNDARIO DE MATERIA - TERMINO TEMÁTICO
Término temático o nombre geográfico como elemento de entrada Derechos humanos
9 (RLIN) 296
650 #7 - ASIENTO SECUNDARIO DE MATERIA - TERMINO TEMÁTICO
Término temático o nombre geográfico como elemento de entrada Cristianismo y cultura
9 (RLIN) 6959
773 0# - ASIENTO DE ITEM FUENTE
Título Reformed World
Biblionumber 49396
Itemnumber 59535
Parte(s) relacionada(s) / Volumen., número. (mes año), páginas Volumen 46, (número 2, 1996) páginas: 63 - 70
Enumeración y primera página página: 63
942 ## - TIPO DE MATERIAL (KOHA)
Tipo de Item KOHA Artículos de Revista
945 ## - INFORMACIÓN LOCAL DEL REGISTRO
Catalogador Catherine Arias Álvarez - Practicante SENA

No hay ítems disponibles.

Biblioteca FUSBC | Teléfono: (57+4) 349 88 10 Ext. 141| WhatsApp (+57) 3005338115 
E-mail: biblioteca@unisbc.edu.co | Calle 76 87-14 Robledo Palenque, Medellín, Colombia

Con tecnología Koha